[Event "Tan Chin Nam Cup 7th"]
[Site "Shanghai"]
[Date "2001.07.11"]
[Round "3"]
[White "Dreev, Alexey"]
[Black "Tkachiev, Vladislav"]
[Result "1-0"]
[WhiteElo "2690"]
[BlackElo "2642"]
[Annotator "Stohl,I"]
[PlyCount "99"]
[EventDate "2001.07.09"]
[EventType "tourn"]
[EventRounds "9"]
[EventCountry "CHN"]
[EventCategory "16"]
[SourceTitle "CBM 085"]
[Source "ChessBase"]
[SourceDate "2001.11.13"]
[SourceVersion "1"]
[SourceVersionDate "2001.11.13"]
[SourceQuality "1"]

1. d4 Nf6 2. c4 g6 3. Nc3 Bg7 4. e4 d6 5. f3 O-O 6. Nge2 (6. Be3 c5 7. Nge2 Nc6
8. d5 Ne5 9. Ng3 e6 10. Be2 exd5 11. cxd5 a6 12. a4 h5 13. h3 Nh7 14. Nf1 f5 $6
15. f4 Nf7 16. exf5 gxf5 17. Bxh5 Re8 18. Kf2 Bd7 19. g4 fxg4 20. hxg4 Nf6 21.
g5 Nxh5 22. Qxh5 $18 {Bu Xiangzhi-Smirnov,P/Shanghai Summit/2001/}) 6... c5 7.
d5 e6 8. Ng3 exd5 9. cxd5 h5 ({The sharpest and most topical continuation in
this line is} 9... Nh5 $5 10. Nxh5 gxh5 11. Be3 f5 12. Qd2 Qf6 13. Bg5 Qg6 14.
Bd3 Na6 15. O-O Bd7 16. Rae1 Rae8 $13 17. Nb5 $2 fxe4 18. fxe4 Nb4 19. Rxf8+
Rxf8 20. Bc4 Bxb5 21. Bxb5 Nc2 $1 22. Rf1 Bd4+ 23. Kh1 Rxf1+ 24. Bxf1 Qxe4 $17
{Hermansson,E-Wedberg,T/Hasselbacken/2001/}) (9... a6 10. a4 Nbd7 11. Be2 Re8
12. O-O h5 13. Bg5 Qa5 14. f4 Nh7 15. Bh4 Qb4 16. Qc2 Bf6 17. Bxf6 Ndxf6 18.
Bf3 h4 19. Nge2 h3 20. Ng3 Ng4 21. Bxg4 Bxg4 22. Kh1 Qd4 23. e5 dxe5 24. f5 e4
$1 25. fxg6 fxg6 26. Ncxe4 Bf5 $1 27. Nxf5 Qxe4 $11 {Conquest,S-Apicella,M/
Clichy/2001/}) 10. Be2 ({Two rounds later Dreev without success deviated with} 
10. Bg5 Qb6 11. Qb3 Qc7 12. Be2 a6 13. O-O Nh7 14. Be3 h4 $1 $146 (14... Qe7
15. f4 h4 16. Nh1 b5 17. Nf2 Nd7 18. Bf3 g5 19. Ne2 f5 20. h3 gxf4 21. Nxf4 Ne5
22. Kh1 Ng5 23. Nh5 Bh8 24. Be2 Bd7 25. Qc2 Ng6 26. Qd2 Nxe4 27. Nxe4 fxe4 28.
Bh6 Rxf1+ 29. Rxf1 Kh7 30. Bg5 e3 31. Bxe3 Rf8 $132 {Dreev,A-Tkachiev,V/Cap
d'Agde/2000/}) 15. Nh1 f5 16. exf5 Bxf5 17. Bf2 (17. Nf2 $142 $13) 17... g5 18.
f4 gxf4 19. Bxh4 Bd4+ 20. Nf2 Nd7 21. Kh1 Ne5 22. Nfe4 Ng6 23. Bf2 Rae8 24. Bf3
Ne5 25. Qd1 Nxf3 26. Qxf3 b5 $15 27. Rae1 $2 b4 28. Bxd4 cxd4 29. Nd1 Bxe4 30.
Rxe4 Ng5 $19 {Dreev,A-Bologan,V/Shanghai/2001/}) 10... h4 (10... Nh7 11. Be3 a6
12. a4 h4 13. Nf1 Nd7 $1 (13... f5 14. exf5 gxf5 (14... Bxf5 $5 $13 {leads to
our game with the extra a4 and a6 moves.}) 15. Bf4 Nd7 16. Bxd6 Re8 17. Qd2 Ne5
18. Bxc5 h3 19. Kf2 hxg2 20. Kxg2 f4 {Dreev,A-Topalov,V/FIDE WCh New Delhi/
2000/} 21. Rg1 $1 Ng5 22. Kh1 $16) 14. Nd2 f5 15. exf5 gxf5 16. f4 Ndf6 17. h3
Qe7 18. Kf2 Re8 19. Nc4 Rb8 20. a5 b5 $1 $132 {Kortschnoj,V-Xie Jun/Roquebrune/
1998/}) 11. Nf1 Nh7 (11... Nh5 $143 12. g4 $1 $40) 12. Be3 f5 $146 {[%mdl 8]} (
12... a6 $142 13. a4 Nd7 {-10...Nh7}) 13. exf5 Bxf5 (13... gxf5 14. Bf4 $36)
14. Bf2 b5 {Black plays actively, but now White practically by force exchanges
the Bf5 and the light squares will become vulnerable.} (14... g5 15. Ne3 Bg6
16. Bd3 {[%cal Rb1h7] ג b1-h7}) 15. a3 (15. Bxb5 Qa5 16. Be2 (16. Qb3 Nd7 $44)
16... Bxc3+ 17. bxc3 Qxc3+ 18. Nd2 h3 $13) 15... a6 16. Ne3 Nd7 (16... Bd7 17.
Qc2 $36) (16... Qg5 17. O-O $14) 17. g4 $1 $14 {[%csl Rg8][%mdl 4] By delaying
castling White can realize one of the ideas of this line-a >> counterattack
after Black has advanced his f and hP an weakened his K.} (17. Nxf5 gxf5 18.
O-O f4 $13) 17... hxg3 18. hxg3 c4 (18... Ne5 19. f4 Nd7 20. Nxf5 $16) (18...
Nb6 $5 19. Nxf5 (19. g4 Bd7 20. Qd3 Qf6 $132) 19... Rxf5 20. Bd3 Bxc3+ 21. bxc3
Rxd5 22. Qc2 $44) 19. Nxf5 (19. g4 $6 Bd3 20. Bxd3 cxd3 $15) 19... gxf5 (19...
Rxf5 20. f4 {/\Bg4|^}) 20. Kf1 Qf6 21. f4 $36 {A tactical mistake.} Rac8 $2 (
21... Rfe8 22. Qc2 {[%cal Rh1h5,Rg3g4] /\Rh5,g4} Nc5 23. Bxc5 dxc5 24. Rh5 $16)
(21... Rf7 $142 $14) 22. Bxc4 $1 {[%mdl 64]} bxc4 (22... Qg6 23. Be2 $16) 23.
Qh5 Rb8 24. Re1 $1 $16 {White is in no hurry to regain the N and plays for the
->.} (24. Qxh7+ Kf7 25. Rh5 Rh8 26. Qxf5 Qxf5 27. Rxf5+ Kg8 28. Ra2 Rh1+ 29.
Kg2 Rc1 $16 {<=>}) 24... Rxb2 25. Qxh7+ Kf7 26. Qh5+ Kg8 (26... Qg6 $2 27. Re7+
$18) 27. Nd1 $1 Rd2 28. Ne3 Rf7 $6 (28... c3 $142 {was Black's best chance.
Although White's attack is strong, the o^ still gives him some chances.} 29. g4
$5 (29. Qh7+ Kf7 30. Qxf5 (30. Nxf5 Rh8 31. Re7+ Kf8 32. Re8+ Kxe8 33. Nxg7+
Qxg7 34. Qxh8+ Qxh8 35. Rxh8+ Ke7 $44) 30... Qxf5 31. Nxf5 c2 32. g4 $5 Bc3
$142 $5 $14 (32... Rd1 33. Kg2 Rxe1 (33... c1=Q $2 34. Re7+ Kf6 35. Bh4+ Kg6
36. Rxg7#) 34. Rxe1 Bb2 35. Be3 $16)) 29... fxg4 30. Qh7+ Kf7 31. Nxg4 Rxf2+ $8
(31... Qxf4 $2 32. Nh6+ $18) 32. Nxf2 Rh8 33. Qe4 $16) 29. Nxc4 Rxd5 30. Qf3
Rb5 $8 31. Rd1 (31. a4 $1 Rb4 32. Qd5 $18 {was more convincing, the Pd6 is
defenceless:} Bf8 $2 33. Bd4) 31... d5 $5 32. a4 (32. Rxd5 $2 Qc6 33. Ne3 Bd4
$132) 32... dxc4 33. axb5 axb5 34. Qb7 Qe6 35. Re1 $1 (35. Qxb5 Qe4 36. Kg1 $18
{was also sufficient, but the text is more accurate.}) 35... Qd6 36. Qxb5 c3 (
36... Qd3+ 37. Kg2 Nf6 38. Rc1 $18 {loses Black's last trump.}) 37. Qc4 $18 Nf6
(37... Nf8 38. Kg2 $18) 38. Qc8+ Rf8 39. Qxf5 Qa6+ 40. Kg1 Rc8 41. Qc2 (41. Bd4
$142 $1 {/\} c2 42. Bxf6 Bxf6 43. Qg6+ Kf8 44. Rh8+ Bxh8 45. Qxa6 $18) 41...
Qc6 42. Bd4 Qd5 {Loses immediately, but} (42... Qd6 $142 {only slightly
postpones the inevitable.}) 43. Bxf6 Bxf6 44. Qg6+ Bg7 45. Re8+ Rxe8 46. Qxe8+
Bf8 47. Qg6+ Bg7 48. Qe8+ Bf8 49. Rh5 Qd4+ ({The checks end after} 49... Qd1+
50. Kh2 Qd2+ 51. Kh3 $18) 50. Kg2 (50. Kg2 Qf6 51. Rg5+ Kh7 52. Qe4+ Kh8 (52...
Kh6 53. g4 Bd6 54. Qd3 Bxf4 55. Qh3+ $1 Kxg5 56. Qh5#) 53. Rf5 Qe7 54. Rh5+ Kg8
55. Qd5+ Qf7 (55... Kg7 56. Rg5+ $18) 56. Rh8+ $18) 1-0

[Event "Donner Memorial"]
[Site "Amsterdam"]
[Date "1996.08.24"]
[Round "7"]
[White "Piket, Jeroen"]
[Black "Van Wely, Loek"]
[Result "1/2-1/2"]
[WhiteElo "2580"]
[BlackElo "2605"]
[Annotator "Stohl,I"]
[PlyCount "94"]
[EventDate "1996.08.17"]
[EventType "tourn"]
[EventRounds "11"]
[EventCountry "NED"]
[EventCategory "16"]
[SourceTitle "CBM 055"]
[Source "ChessBase"]
[SourceDate "1996.12.01"]
[SourceVersion "1"]
[SourceVersionDate "1996.12.01"]
[SourceQuality "1"]

1. d4 {Hecht} Nf6 2. c4 g6 3. Nc3 Bg7 4. e4 d6 5. f3 O-O 6. Bg5 c5 7. d5 e6 8.
Qd2 exd5 9. cxd5 h6 $5 (9... Re8 {is the normal move.}) 10. Bxh6 {By accurate
play Black manages to equalize, if White accepts the sacrificed pawn.} (10. Bf4
$5 h5 11. Bd3 a6 12. a4 Nh7 13. Nge2 g5 14. Be3 Nd7 15. Ng3 h4 16. Nf5 Ne5 17.
Nxg7 Kxg7 18. O-O Bd7 19. Be2 Qe7 20. f4 gxf4 21. Bxf4 Kh8 22. Kh1 Ng6 23. Bh5
h3 24. gxh3 Bxh3 25. Rg1 Qf6 26. Bh6 $36 {Lautier,J-Polgar,J/Monaco bl/1995/})
10... Nxe4 11. Nxe4 Qh4+ 12. g3 Qxh6 13. Qxh6 Bxh6 14. Nxd6 {Although White
took the important d6-pawn, he also lost the e4-pawn and the d5-pawn is rather
weak. With the open center Black's lead in development gives him sufficient
counterchances.} Nd7 (14... Rd8 15. Nxc8 Rxc8 16. f4 Nd7 17. O-O-O Rd8 18. Nh3
c4 19. Bg2 Nc5 20. Kc2 Bg7 21. f5 $6 (21. Nf2 $14) 21... Nd3 22. fxg6 fxg6 23.
Rxd3 cxd3+ 24. Kxd3 Rd6 25. Re1 Bxb2 26. Re7 Rb8 $17 {Gual,A-Markowski,T/
London Lloyds/1994/}) 15. f4 Nf6 (15... Nb6 16. O-O-O Rd8 17. Nxc8 Raxc8 18.
Bh3 f5 19. Nf3 $1 Nxd5 20. Rhe1 Bg7 21. Bf1 Nb6 22. Rxd8+ Rxd8 23. Re6 c4 24.
Rxg6 $16 {Berg,K-Onoprienko,V/Groningen op/1994/}) 16. O-O-O Rd8 $146 (16...
Bg4 $5 17. Be2 b6 18. Bxg4 Nxg4 19. Nh3 Rad8 20. Ne4 (20. Nc4 $142 $5) 20...
Bg7 21. Nc3 Bd4 22. Rhe1 Nxh2 23. Re7 Ng4 24. Rxa7 Ne3 25. Rh1 Bxc3 26. bxc3
Nxd5 27. Kb2 Rde8 $40 {Kutirov,R-Smirin,I/Struga zt /1995/}) 17. Nxc8 Raxc8 18.
Bg2 (18. d6 Ne4 $36) 18... Ng4 19. Bh3 (19. Rd2 c4 (19... Ne3 20. Bf3 c4 21.
Ne2 $14) 20. Ne2 (20. Nf3 c3 21. bxc3 Rxc3+ 22. Kb1 Ne3 $36) 20... Nf2 21. Rf1
Nd3+ $44) (19. Nh3 $6 Ne3 20. Rd2 c4 $5 $36 (20... Nxg2 $15)) 19... Nf2 $1 20.
Bxc8 Nxd1 21. Kxd1 $8 (21. Bxb7 $4 Nf2) 21... Rxc8 $32 {Black exchanges his
strong B and takes back the pawn with equality.} 22. Ne2 Rd8 23. Nc3 Bg7 $10
24. Kc2 Bxc3 25. bxc3 (25. Kxc3 Rxd5 $10) 25... Rxd5 26. a4 g5 27. Rd1 $5 (27.
fxg5 Rxg5 28. Rd1 c4 (28... Rf5 29. Rd7 Rf2+ 30. Kb3 $14) 29. Rd4 (29. Rd7 Ra5
$10) 29... Rc5 $10) 27... Rxd1 28. Kxd1 {An interesting pawn endgame, in which
Black draws by careful defence.  [#] Hecht: Teilblockierte Mehrheiten,
entfernter Freibauer, Opposition} g4 $1 (28... gxf4 $2 29. gxf4 b6 30. Ke2 (30.
Kc2 {Hecht} a6 31. c4 (31. Kd3 b5 32. axb5 axb5 33. Ke4 Kg7 34. Kd5 b4 35. cxb4
cxb4 36. Kc4 Kg6 37. Kxb4 Kf5 $10) 31... Kg7 (31... f5 32. a5 bxa5 33. Kb3 Kg7
34. Ka4 Kh6 35. Kxa5 Kh5 36. Kb6 Kg4 37. Kxc5 Kxf4 38. Kd4 Kg5 39. c5 Kf6 40.
c6 Ke7 41. c7 Kd7 42. h4 $18 {Dringende Bitte um prüfende Analyse!}) 32. Kd3 f5
33. Ke3 Kg6 34. Kf3 Kh5 35. Kg3 Kg6 36. Kh4 Kh6 $10) 30... a6 31. c4 $18) 29.
Ke2 a6 (29... b6 {Hecht} 30. Kd3 a6 31. Kc4 $18) 30. Kd3 (30. a5 $2 Kf8 31. Kd3
Ke7 32. Ke4 (32. Kc4 Kd6 33. f5 (33. Kd3 Kc6 34. Kc4 f5) 33... f6 34. Kd3 Kd5
35. c4+ Ke5 $19) 32... Kd6 33. Kf5 b5 $1 34. axb6 a5 35. Ke4 $8 Kc6 (35... a4 {
Hecht} 36. Kd3 Kc6 37. Kc2 Kxb6 38. Kb2 (38. c4 Ka5 39. Kc3 f5 $19) 38... Kb5
39. Ka3 Kc4 40. Kxa4 Kxc3 41. Kb5 c4 42. Kc5 Kd3 43. Kd6 c3 $19) 36. Kd3 Kxb6
37. Kc2 (37. c4 a4 38. Kc3 Ka5 $19) 37... Kb5 38. Kb3 a4+ $19) 30... b5 $1 $8 (
30... Kf8 $2 31. Kc4 b6 32. Kd5 $18) 31. axb5 axb5 32. Ke4 Kf8 33. Kd5 b4 $8
34. cxb4 cxb4 35. Kc4 Ke7 36. Kxb4 Kd6 37. Kc4 f6 $1 38. Kd4 $8 f5 $10 39. Ke3
Ke7 (39... Kd5 40. Kf2 Ke6 $1 41. Kg2 Kf6 42. h4 gxh3+ 43. Kxh3 Kg6 $10) 40.
Kf2 (40. Kd3 Kd7 $10) 40... Kf6 41. Kf1 Kf7 42. Kg2 Kg6 43. h4 (43. Kf2 Kf6 $10
) 43... gxh3+ 44. Kxh3 Kh5 45. g4+ (45. Kg2 Kg6 $8 (45... Kg4 $2 46. Kf2 Kh5
47. Kf3 Kg6 48. Ke3 Kf6 49. Kd4 Ke6 50. Kc5 $18) 46. Kf3 Kf6 47. Ke3 Ke6 48.
Kd4 Kd6 $10) 45... fxg4+ 46. Kg3 Kg6 47. Kxg4 Kf6 1/2-1/2

[Event "RUS-ch51"]
[Site "St Petersburg"]
[Date "1998.07.29"]
[Round "2"]
[White "Dreev, Alexey"]
[Black "Shcherbakov, Ruslan"]
[Result "1-0"]
[WhiteElo "2645"]
[BlackElo "2555"]
[Annotator "Stohl,I"]
[PlyCount "83"]
[EventDate "1998.07.28"]
[EventType "swiss"]
[EventRounds "11"]
[EventCountry "RUS"]
[SourceTitle "CBM 067"]
[Source "ChessBase"]
[SourceDate "1998.11.30"]
[SourceVersion "2"]
[SourceVersionDate "1998.11.01"]
[SourceQuality "1"]

1. d4 Nf6 2. c4 e6 (2... c5 3. d5 g6 4. Nc3 Bg7 5. e4 d6 6. Nge2 O-O 7. Ng3 e6
8. Be2 exd5 9. cxd5 b6 $6 10. O-O Ba6 11. Bg5 Re8 12. f4 Bxe2 13. Qxe2 h6 14.
Bxf6 Bxf6 15. e5 $1 dxe5 16. Nge4 Bg7 17. f5 $40 {Rowson,J-Bates,R/4NCL/1998/
A positional sacrifice, typical for the Benoni and especially this line.}) 3.
Nc3 c5 4. d5 exd5 5. cxd5 d6 6. e4 g6 7. Nge2 h5 $5 $146 ({Black obviously
wants to avoid the line} 7... Bg7 8. Ng3 O-O ({The closest example to our game
seems to be} 8... h5 $5 9. Be2 a6 10. a4 Ng4 $5 11. O-O $2 Qh4 12. h3 Nxf2 $1
13. Rxf2 Qxg3 14. Rf3 Qh4 15. Be3 O-O 16. Qd2 Qe7 17. Bg5 Qe5 18. Kh1 Nd7 19.
Raf1 Qe8 20. Bh6 Ne5 21. Bxg7 Kxg7 22. Rf6 Qd8 23. Qg5 Rh8 24. Bxh5 Bf5 25.
R6xf5 Qxg5 26. Rxg5 Rxh5 27. Rxh5 gxh5 28. Kh2 c4 29. Rf5 Kg6 30. Ne2 Nd3 $17 {
Dolinsky,B-Osadchenko,A/Moscow-chop/1995/}) 9. Be2 a6 10. a4 Re8 11. O-O Nbd7
12. Bf4 (12. a5 b5 13. axb6 Qxb6 14. Bd2 Ne5 15. Nb5 c4 16. Na3 Qxb2 17. Bxc4
Bg4 18. Qe1 Nxe4 19. Ra2 Nxd2 20. Qxd2 Qxd2 21. Rxd2 Nxc4 22. Nxc4 Bf8 23. f3
Bd7 24. Ne4 Kg7 25. Rc1 Rec8 26. Rdc2 Ba4 27. Rc3 Bb5 28. Nexd6 {1/2,Mortensen,
J-Mortensen,H/Copenhagen Politiken/1998/}) 12... Ne5 13. Qd2 h5 14. Bg5 Qc7 15.
f4 Ned7 16. e5 dxe5 17. f5 e4 18. d6 Qb6 19. fxg6 fxg6 20. Bxf6 Nxf6 21. Qg5
Qxd6 22. Qxg6 Qd4+ 23. Kh1 Be6 24. Nf5 Bxf5 25. Rxf5 Rf8 26. Rd1 Qe3 27. Rg5 {
1-0,Jakab,A-Parkanyi,A/Budapest FS06 IM/1998/}) 8. Bg5 Nbd7 9. Nc1 $5 {Highly
original strategy by both sides. White wants to spare a tempo and omit f3
altogether, aiming for an immediate f2-f4.} a6 10. a4 Bg7 (10... Be7 {[%cal
Rf6d5,Rf6e4] /\Ne4,Nd5} 11. f4 $1 O-O 12. Qd2 $36 {[%csl Rf7,Rg6,Rg7,Rh5,Rh6]
׻}) 11. Be2 O-O 12. O-O (12. f4 $6 {[%csl Re1] עe1} Qe8 13. Qc2 Nh7 14. Bh4
Bxc3+ $1 15. bxc3 Ndf6 $40 {[%csl Re4] ><e4}) 12... Qe8 13. Qc2 Ne5 14. Bh4 (
14. f4 $6 Neg4 $36) (14. h3 Nh7 15. Be3 f5 $132) 14... Nh7 15. f4 Ng4 16. Bxg4
hxg4 (16... Bxg4 $2 17. f5 $1 $16 {[%csl Rg4] ץg4}) 17. Re1 (17. f5 gxf5 18.
exf5 Qe3+ 19. Kh1 Re8 20. Bg3 Be5 21. Re1 Qg5 $13) 17... f5 18. Nd3 (18. e5 $5
g5 $8 (18... dxe5 19. fxe5 Bxe5 20. Bf2 $1 $18 {[%cal Rc1d3,Rc2e2] /\Qe2,Nd3
and the pin is decisive.}) 19. exd6 Qg6 20. fxg5 Qxd6 $13) 18... Bd4+ (18...
fxe4 $143 19. Nxe4 (19. Rxe4 Qf7 20. Re7 Qf5 $132) 19... Qd7 $8 20. Qb3 $5 $14)
19. Kh1 (19. Bf2 Bxc3 $1 20. Qxc3 fxe4 21. b4 Nf6 22. bxc5 Qf7 $1 23. Nb4 a5
$17) 19... Bxc3 20. bxc3 fxe4 21. Nb2 Bf5 22. Nc4 $44 b5 $1 (22... Nf6 23. Nxd6
Qd7 24. Bxf6 $5 (24. Nxf5 gxf5 25. c4 $14) 24... Qxd6 25. Be5 Qxd5 26. c4 Qd3
27. Qf2 $44 {[%csl Rg8][%cal Ga1h8] עg8,/^a1-h8}) 23. Nxd6 Qd7 24. Nxf5 gxf5
25. Qb3 Qd6 (25... c4 26. Qd1 $14 {/\} (26. Qb4 Qxd5 27. Rad1 Qb7 28. Rd6 $44)
26... Nf6 27. axb5 $1) 26. Red1 $5 {White chooses a sharp continuation.} (26.
axb5 axb5 27. Qxb5 Rxa1 28. Rxa1 Qxd5 $11) 26... e3 (26... Qxf4 $142 $5 27.
axb5 axb5 28. Rxa8 Rxa8 29. d6+ c4 30. Qxb5 Qxd6 $1 31. Qxc4+ Kh8 $11) 27. Re1
Rae8 $2 (27... c4 $5 28. Qb4 $1 (28. Qb2 Qxf4 $13) 28... Qxf4 (28... Qxb4 29.
cxb4 $36) 29. axb5 axb5 30. Rad1 $5 $44) (27... Qxf4 28. axb5 axb5 29. Rxa8
Rxa8 30. Qxb5 $14) 28. axb5 axb5 29. Qxb5 Qxd5 30. Ra7 $40 {[%csl Rg8] עg8}
Re6 31. c4 Qd4 32. Rd7 {Probably both players were by now in time-trouble.} ({
More convincing is} 32. Qb7 $142 $5 Rh6 33. Qe7 {[%cal Re1e3,Ra7d7] /\Rd7,
Re3+- Black's K is stranded and his pieces are tied down.} Rb8 34. Bg5 $1 Qc3
35. Rg1 $18) 32... Qxf4 $2 {This tactical blunder loses immediately.} (32...
Rd6 33. Re7 (33. Rc7 $5 $16) 33... Nf6 34. Bxf6 Rdxf6 35. R7xe3 $16 {The safer
K and an extra pawn give White a large advantage.}) (32... Qe4 33. Qxc5 Ra8 34.
Qc7 Rh6 35. Rg7+ Kh8 36. Re7 Qd4 37. R7xe3 $1 Rxh4 38. Re8+ $18) 33. Rxh7 $1
$18 (33. Qb7 $2 Qh6 $11) 33... e2 {[%cal Rf4f1] /\Qf1!-+} (33... Kxh7 34. Qd7+
$18) 34. Kg1 Rfe8 35. Qd7 Qd4+ $8 36. Qxd4 ({Even more accurate was} 36. Bf2 $1
$18) 36... cxd4 37. Rd7 Re4 38. Bf2 f4 39. Bxd4 Rc8 40. c5 g3 41. hxg3 fxg3 42.
Bc3 (42. Bc3 Rxc5 43. Rg7+ Kf8 44. Rxg3 $18) 1-0

[Event "Azov"]
[Site "Azov"]
[Date "1995.??.??"]
[Round "11"]
[White "Iskusnyh, Sergei"]
[Black "Zakharevich, Igor"]
[Result "1-0"]
[WhiteElo "2425"]
[BlackElo "2425"]
[Annotator "Stohl,I"]
[PlyCount "139"]
[EventDate "1995.??.??"]
[EventType "tourn"]
[EventRounds "13"]
[EventCountry "RUS"]
[EventCategory "8"]
[SourceTitle "CBM 046"]
[Source "ChessBase"]
[SourceDate "1995.06.01"]
[SourceVersion "1"]
[SourceVersionDate "1995.06.01"]
[SourceQuality "1"]

1. d4 Nf6 2. c4 g6 3. Nc3 Bg7 4. e4 d6 5. f3 O-O 6. Bg5 c5 7. d5 h6 8. Be3 e6
9. Qd2 exd5 10. cxd5 h5 (10... Re8 11. Bd3 $5 h5 12. Nge2 Nbd7 13. b3 a6 14. a4
Ne5 15. Bc2 Rb8 16. a5 Nh7 17. O-O g5 $6 18. Kh1 Qe7 19. Rae1 h4 20. h3 Ng6 21.
f4 gxf4 22. Nxf4 Be5 23. Na4 Bd7 24. Nb6 $14 {Ionescu,Co-Musat,A/Bucharest Tim/
1993/}) 11. Nge2 Nbd7 12. Nc1 a6 (12... Nh7 13. Nd3 a6 14. a4 b6 15. Be2 Rb8
16. O-O Qe8 17. Nf2 f6 $6 18. Rae1 Qf7 19. f4 f5 20. Bd3 Re8 21. Kh1 Ndf6 22.
exf5 gxf5 23. Nh3 $36 {׻,Costa,J-Mora,F/Lugano op/1989/}) 13. a4 Ne5 14. Be2
Re8 (14... Nh7 $5 {/\f5}) (14... Bd7 15. O-O b5 16. axb5 axb5 17. Rxa8 Qxa8 18.
Nxb5 Bxb5 19. Bxb5 Qb7 20. Be2 Rb8 21. b3 Qa8 22. h3 Qa3 23. Qc2 Kh7 24. f4
Ned7 25. Bd2 $16 {Deze,A-Vombek,D/JUG-Cup Pula/1990/}) 15. O-O Nh7 16. N1a2 f5
17. Kh1 Nf6 (17... fxe4 18. Nxe4 $14 {/\Nac3}) 18. Rae1 fxe4 19. fxe4 Rf8 20.
Bg5 Qc7 21. Nc1 Bg4 $6 (21... Bd7 $142 {/\Rab8,b5<=>}) 22. Bxg4 Nfxg4 23. h3
Nf6 24. Nd3 {/\Nf4,><e6} Nxd3 $8 25. Qxd3 Nd7 (25... Rae8 26. e5 $1 $36) 26.
Ne2 $1 Rxf1+ 27. Rxf1 Rf8 28. Nf4 Ne5 29. Qe2 $14 Qd7 (29... Qf7 30. Rb1 $5 {
/\b4,Ne6}) 30. Ne6 Rxf1+ 31. Qxf1 Qf7 (31... Qxa4 $2 32. Nxg7 Kxg7 33. Qf6+ Kg8
34. Qd8+ Kh7 35. Bf6 Nf7 36. Qf8 $18) 32. Qe2 c4 (32... Bf6 $142 33. Bxf6 Qxf6
34. b3 $14) 33. Be3 Bf6 34. Qc2 {/\Bd4,><c4} Bh4 35. Kg1 Qd7 36. Bd4 b5 37.
axb5 Qxb5 (37... axb5 38. Qc3 $16) 38. Qd2 {/\Qh6+-} Qd7 39. Qf4 Qe7 40. Bxe5
dxe5 41. Qxe5 Qf6 $1 (41... Bf6 42. Qg3 {/\e5+-}) 42. Qb8+ (42. Qxf6 $2 Bxf6
43. d6 Kf7 $15) 42... Kh7 43. g3 Bg5 44. Nxg5+ Qxg5 45. Qf4 Qd8 (45... Qxf4 46.
gxf4 Kg7 47. Kf2 a5 48. Ke3 a4 49. Kd4 $18) 46. Qf7+ (46. Qd2 Qd6 $16) (46. Kg2
$1 Qb6 47. Qd2 Qd6 48. Qd4 $18) 46... Kh6 47. e5 (47. Qf4+ $142 Kg7 48. Kg2 $18
) 47... Qa5 $1 48. Qf4+ Kg7 49. Qxc4 (49. d6 Qe1+ 50. Kg2 Qe2+ 51. Qf2 Qxe5 $10
) 49... Qe1+ 50. Kg2 Qxe5 51. b3 $16 Qb2+ $6 (51... g5 $5 {/\h4<=>}) 52. Kf3
Qf6+ 53. Kg2 $138 Qb2+ 54. Kf3 Qf6+ 55. Qf4 $1 Qc3+ 56. Qe3 Qf6+ 57. Ke4 Qf5+ (
57... Qe7+ 58. Kd3 {+/-/+-}) 58. Kd4 Qxh3 59. Qe7+ Kg8 60. d6 $1 Qg4+ 61. Kc5
Qf5+ 62. Kb6 Qf2+ 63. Kb7 Qf3+ 64. Ka7 Qxg3 (64... Qf2+ 65. Ka8 Qf3+ 66. Qb7
$18) 65. Qd8+ Kf7 66. d7 $18 Qe3+ 67. Qb6 Qe7 $8 68. Qc7 Qe3+ 69. Ka8 Qe4+ 70.
Qb7 (70. Qb7 Qxb7+ 71. Kxb7 Ke7 72. Kc7 $18) 1-0